000 00659nam a2200193Ii 4500
003 JO-AjNU
008 230605s9999||||xx |||||||||||||| ||und||
040 _aJO-AjNU
_bara
_erda
_cJO-AjNU
041 _aara
050 1 4 _aHD31 2000
100 3 _aتاليف سلفرمان، ديفيد؛ ترجمة عادل محمود الرشيد,
_eauthor
_957049
245 0 0 _aنظرية المنظمة
264 3 1 _aاربد - الاردن: جامعة اليرموك، 2000
300 _a424ص
336 _atext
_btxt
_2rdacontent
337 _aunmediated
_bn
_2rdamedia
338 _avolume
_bnc
_2rdacarrier
650 4 _aادارة الاعمال - فلسفة
_957050
999 _aA25542
_c29110
_d29110